College Quizbowl Stats
College Quizbowl Stats
Circuits
Seasons
Sets
Records
Detailed Stats
About
Loading...
2024 ACF Winter at Clemson
Tossups
Bonuses
Players
Teams
Categories (Tossup)
Categories (Bonus)
Matthew Bray
Auburn C
Categories
Category
Powers
Gets
Negs
BBs
Points
Earliest Buzz
Avg. Buzz
First Buzzes
Top 3 Buzzes
Religion
0
2
0
1
20
126
130.00
0
1
Literature - American Literature
0
1
0
0
10
91
91.00
0
1
History - American History
0
0
0
0
0
0.00
0
0
Social Science
0
0
0
0
0
0.00
0
0
Buzzes
Category
Answer
Value
Buzz Position
Literature - American Literature
Elizabeth Bishop
10
91
Religion
anointing
10
126
History - American History
canoes
0
130
Religion
L. Ron Hubbard
10
134
Social Science
naming
0
135
Previous
1
Next